The Flags of the Capitals #5 - Statistics

General Stats
  • This quiz has been taken 24 times
  • The average score is 9 of 17
Answer Stats
Picture Answer % Correct
Panama City
94%
Havana
82%
Colombo
76%
Sofia
65%
Caracas
59%
Dodoma
59%
Tashkent
59%
Vilnius
59%
Abidjan
53%
Muscat
53%
Zagreb
53%
Luxembourg
47%
Guatemala City
41%
San José
41%
Montevideo
35%
Kotte
29%
Dar es Salaam
24%
No matching quizzes found
Score Distribution
Percent of People with Each Score
Percentile by Number Answered
Your Score History
You have not taken this quiz